[Event "XIX Festival B"]
[Site "Robecchetto con Induno ITA"]
[Date "2008.12.30"]
[Round "6"]
[White "Recanatini, Italo"]
[Black "Foroni, Francesco"]
[Result "1-0"]
[WhiteElo "1897"]
[BlackElo "1873"]
[PlyCount "173"]
[EventDate "2008.12.27"]

1. e4 Nc6 2. Nf3 e6 3. d4 d5 4. exd5 exd5 5. Bd3 Bd6 6. c3 Nge7 7. Bg5 Be6 8.
Qc2 Qd7 9. Nbd2 Bf5 10. O-O-O f6 11. Bh4 O-O-O 12. Bg3 Rhe8 13. Bxd6 Bxd3 14.
Qxd3 Qxd6 15. Qxh7 Rh8 16. Qd3 g5 17. h3 Qf4 18. g3 Qf5 19. Qxf5+ Nxf5 20. h4
gxh4 21. Nxh4 Nce7 22. Ndf3 Rdg8 23. Kd2 Kd7 24. Ke2 Ke8 25. Rde1 Kf7 26. Nxf5
Nxf5 27. Rxh8 Rxh8 28. Kf1 Nd6 29. Kg2 Nc4 30. b3 Nd6 31. Nd2 Nb5 32. Re3 Rc8
33. Kf3 Rh8 34. a4 Nd6 35. Kg4 Rh2 36. Kf3 Rh1 37. Ke2 Nf5 38. Rf3 Nd6 39. Kd3
Rd1 40. Kc2 Re1 41. Re3 Rg1 42. Re2 Rg2 43. Kd3 Rg1 44. Kc2 Rg2 45. c4 Ne4 46.
Nxe4 dxe4 47. Rxe4 Rxf2+ 48. Kd3 Rf1 49. Re3 Rh1 50. Kc3 a5 51. c5 Rd1 52. Kc4
c6 53. Kc3 Kf8 54. Rd3 Rc1+ 55. Kd2 Rg1 56. d5 cxd5 57. Kc3 Kf7 58. Kd4 Ke7 59.
Kxd5 Rc1 60. Rf3 Rc2 61. Kd4 Rc1 62. Rc3 Rh1 63. Kc4 Kd7 64. Kb5 Kc7 65. Rf3
Rh6 66. Kxa5 Rg6 67. Kb5 Rh6 68. a5 Rg6 69. b4 Rh6 70. Rf4 Rg6 71. g4 Rh6 72.
Kc4 Kc6 73. b5+ Kd7 74. Kd5 Rg6 75. c6+ bxc6+ 76. bxc6+ Kc7 77. a6 Rg5+ 78. Ke6
Ra5 79. Kxf6 Kxc6 80. g5 Kd7 81. g6 Rxa6+ 82. Kf7 Ra7 83. Rd4+ Kc6+ 84. Kg8 Ra1
85. g7 Kc5 86. Rh4 Kd5 87. Kh8 1-0

[Event "XIX Festival B"]
[Site "Robecchetto con Induno ITA"]
[Date "2008.12.30"]
[Round "6"]
[White "Rigotti, Gianluigi"]
[Black "Attuati, Stefano"]
[Result "0-1"]
[WhiteElo "1595"]
[BlackElo "1778"]
[PlyCount "80"]
[EventDate "2008.12.27"]

1. e4 e5 2. Bc4 Nf6 3. d3 Bc5 4. Nf3 Nc6 5. c3 d6 6. O-O O-O 7. b4 Bb6 8. a4 a5
9. b5 Ne7 10. Bg5 Ng6 11. h3 h6 12. Nh4 hxg5 13. Nxg6 d5 14. Nxf8 dxc4 15. Ng6
fxg6 16. Qf3 Qxd3 17. Rd1 Qxf3 18. gxf3 Bxh3 19. Na3 Be6 20. Rd2 Bc5 21. Nc2 b6
22. Rad1 Bd6 23. Ne3 Nd7 24. Nd5 Nc5 25. Nxb6 Rb8 26. Rxd6 cxd6 27. Rxd6 Kf7
28. Rc6 Nd7 29. Nxc4 Bxc4 30. Rxc4 Nb6 31. Rc7+ Kf6 32. Rc6+ Kf7 33. Rc7+ Kf8
34. Rc5 Nxa4 35. Rxe5 Nxc3 36. Rxg5 a4 37. Rxg6 a3 38. Ra6 a2 39. b6 Ke7 40.
Kf1 Rxb6 0-1

[Event "XIX Festival B"]
[Site "Robecchetto con Induno ITA"]
[Date "2008.12.30"]
[Round "6"]
[White "Rossi, Giampiero"]
[Black "Brunetti, Alessandro"]
[Result "0-1"]
[WhiteElo "1984"]
[BlackElo "1940"]
[PlyCount "50"]
[EventDate "2008.12.27"]

1. d4 g6 2. c4 Bg7 3. Nc3 c5 4. e3 d6 5. Nf3 Nc6 6. Be2 Nh6 7. O-O Nf5 8. d5
Bxc3 9. dxc6 Bf6 10. cxb7 Bxb7 11. Qa4+ Qd7 12. Qxd7+ Kxd7 13. Bd2 Rab8 14. Bc3
Bxc3 15. bxc3 Bxf3 16. Bxf3 Rb2 17. Bg4 Kc7 18. Bxf5 gxf5 19. a4 Rhb8 20. g3
Rc2 21. Ra3 Rbb2 22. Kg2 Ra2 23. Rb3 Rxa4 24. Rfb1 Raa2 25. Rb7+ Kd8 0-1

[Event "XIX Festival B"]
[Site "Robecchetto con Induno ITA"]
[Date "2008.12.30"]
[Round "6"]
[White "Tamassia, Gabriele"]
[Black "Zito, Riccardo"]
[Result "1-0"]
[WhiteElo "1810"]
[BlackElo "1575"]
[PlyCount "141"]
[EventDate "2008.12.27"]

1. c4 Nf6 2. Nc3 g6 3. g3 Bg7 4. Bg2 O-O 5. e4 e5 6. Nge2 Nc6 7. d3 d6 8. O-O
h6 9. a3 a5 10. Rb1 Re8 11. Bd2 Nh7 12. Qc1 g5 13. Nd5 Ne7 14. b4 c6 15. Nxe7+
Qxe7 16. bxa5 Nf8 17. Bb4 Ne6 18. Qb2 Qd7 19. Bh3 h5 20. Bf5 Bf6 21. Qd2 Bd8
22. Kh1 c5 23. Bc3 Qa4 24. Ra1 f6 25. Bg6 Re7 26. Bxh5 Bxa5 27. Bxa5 Qxa5 28.
Qxa5 Rxa5 29. Nc3 Nc7 30. Bg6 Kg7 31. Bf5 Bxf5 32. exf5 b5 33. Nxb5 Nxb5 34.
cxb5 Rxb5 35. Rfc1 Ra7 36. Rcb1 Rba5 37. Rb6 R5a6 38. Rxa6 Rxa6 39. Kg2 g4 40.
f3 gxf3+ 41. Kxf3 d5 42. Ke3 Kh6 43. Kf3 Kg5 44. g4 Ra4 45. h4+ Kh6 46. Ra2
Rf4+ 47. Kg3 Rd4 48. a4 Rxd3+ 49. Kf2 Rb3 50. a5 Rb7 51. a6 Ra7 52. Ra5 c4 53.
Rxd5 Rxa6 54. Rc5 Ra2+ 55. Ke3 Rc2 56. Rc6 Kg7 57. g5 fxg5 58. hxg5 Rg2 59.
Rc7+ Kf8 60. g6 Rg5 61. Ke4 Rg1 62. Kxe5 Ra1 63. Rxc4 Ra5+ 64. Kf6 Ra6+ 65. Kg5
Ra8 66. Rc5 Rb8 67. f6 Rd8 68. Rc7 Kg8 69. Kh6 Rf8 70. f7+ Rxf7 71. Rxf7 1-0

[Event "XIX Festival B"]
[Site "Robecchetto con Induno ITA"]
[Date "2008.12.30"]
[Round "6"]
[White "Torretta, Gilberto"]
[Black "Petetta, Roberto"]
[Result "0-1"]
[WhiteElo "1765"]
[BlackElo "1656"]
[PlyCount "74"]
[EventDate "2008.12.27"]

1. e4 c5 2. Nc3 d6 3. Nge2 Nc6 4. g3 g6 5. Bg2 Bg7 6. O-O Nf6 7. d3 O-O 8. Bg5
Rb8 9. a4 a6 10. Qd2 Re8 11. f4 Bd7 12. f5 Qc8 13. Qf4 Nd4 14. Nxd4 cxd4 15.
Bxf6 dxc3 16. Bxg7 Kxg7 17. fxg6 fxg6 18. Qf7+ Kh8 19. b3 Be6 20. Qf4 Rf8 21.
Qxf8+ Qxf8 22. Rxf8+ Rxf8 23. Rf1 Kg7 24. Rxf8 Kxf8 25. Bf3 Bxb3 26. Bd1 Bxa4
27. Kf2 e5 28. Ke3 Ke7 29. d4 Bb5 30. d5 Kd7 31. Bg4+ Kc7 32. h4 Kb6 33. Be6
Kc5 34. Bg8 h6 35. g4 g5 36. hxg5 hxg5 37. Be6 a5 0-1

[Event "III Weekend Hotel Corallo A"]
[Site "Imperia ITA"]
[Date "2008.11.21"]
[Round "1"]
[White "Arata, Roberto Mario"]
[Black "Badano, Fabio"]
[Result "1-0"]
[WhiteElo "2199"]
[BlackElo "1811"]
[PlyCount "61"]
[EventDate "2008.11.21"]

1. d4 Nf6 2. c4 e6 3. a3 d5 4. Nc3 dxc4 5. e3 c5 6. Bxc4 cxd4 7. exd4 a6 8. Be2
b5 9. Bf3 Ra7 10. Be3 Nd5 11. Nxd5 exd5 12. Ne2 Be7 13. Nf4 Rd7 14. Rc1 Bb7 15.
Nd3 Rc7 16. Rxc7 Qxc7 17. Bf4 Bd6 18. Qe2+ Kd8 19. Be3 Nd7 20. O-O Nf6 21. Rc1
Qb8 22. Ne5 Rf8 23. Bd2 Bc7 24. Bb4 Bxe5 25. Ba5+ Bc7 26. Rxc7 Qxc7 27. Bxc7+
Kxc7 28. Qe7+ Nd7 29. g4 Bc6 30. g5 Kb6 31. Bxd5 1-0

[Event "III Weekend Hotel Corallo A"]
[Site "Imperia ITA"]
[Date "2008.11.21"]
[Round "1"]
[White "Astengo, Marcello"]
[Black "Federico, Giancarlo"]
[Result "1-0"]
[WhiteElo "2100"]
[BlackElo "1762"]
[PlyCount "63"]
[EventDate "2008.11.21"]

1. d4 d5 2. c4 c6 3. Nc3 Nf6 4. e3 e6 5. Bd3 Nbd7 6. Nf3 dxc4 7. Bxc4 b5 8. Bb3
Bb7 9. O-O a6 10. Qe2 Be7 11. e4 O-O 12. Bg5 h6 13. Bh4 c5 14. e5 Nd5 15. Bxe7
Nxc3 16. bxc3 Qxe7 17. Rac1 Nb6 18. Rfd1 Rfd8 19. Bc2 Rac8 20. Bb1 g6 21. Be4
Bd5 22. Nd2 Nc4 23. Bxd5 exd5 24. Nb3 cxd4 25. cxd4 Re8 26. Re1 a5 27. g3 Qb4
28. Qg4 a4 29. Nc5 Nd2 30. Kg2 h5 31. Qf4 Rc6 32. Nd3 1-0

[Event "III Weekend Hotel Corallo A"]
[Site "Imperia ITA"]
[Date "2008.11.21"]
[Round "1"]
[White "Gallitto, Salvatore"]
[Black "De Luca, Fabio"]
[Result "1/2-1/2"]
[WhiteElo "1960"]
[BlackElo "1736"]
[PlyCount "110"]
[EventDate "2008.11.21"]

1. d4 Nf6 2. e3 d5 3. Bd3 c5 4. c3 e6 5. f4 Be7 6. Nd2 Nc6 7. Ngf3 O-O 8. Ne5
Nd7 9. Qh5 g6 10. Qh3 c4 11. Bc2 Bh4+ 12. g3 Bf6 13. O-O Bg7 14. e4 Ndxe5 15.
fxe5 Ne7 16. Nf3 h5 17. Bg5 Qc7 18. Qh4 Nc6 19. Rf2 b5 20. a3 Bb7 21. exd5 exd5
22. Bf4 Qe7 23. Bg5 Qe6 24. Re1 Qg4 25. h3 Qxh4 26. Nxh4 Bc8 27. Kg2 Be6 28.
Bf6 a5 29. Bxg7 Kxg7 30. Rf6 Ne7 31. Nxg6 Nxg6 32. Bxg6 Bxh3+ 33. Kxh3 fxg6 34.
Ref1 Rxf6 35. Rxf6 b4 36. Rd6 bxc3 37. bxc3 Rb8 38. Rxd5 Rb3 39. Rxa5 Rxc3 40.
a4 Rd3 41. d5 c3 42. Rc5 c2 43. d6 Re3 44. Rc7+ Kf8 45. Rxc2 Rxe5 46. Rd2 Ke8
47. d7+ Kd8 48. Rd4 g5 49. Kg2 Re7 50. Rd5 h4 51. a5 Rxd7 52. Rxg5 hxg3 53.
Kxg3 Kc8 54. Rb5 Rb7 55. Rf5 Kb8 1/2-1/2

[Event "III Weekend Hotel Corallo A"]
[Site "Imperia ITA"]
[Date "2008.11.21"]
[Round "1"]
[White "Lo Dico, Angela"]
[Black "Noli, Giovanni"]
[Result "1-0"]
[WhiteElo "1710"]
[BlackElo "1954"]
[PlyCount "90"]
[EventDate "2008.11.21"]

1. f4 d5 2. e3 Nf6 3. Nf3 Nc6 4. Be2 Bg4 5. O-O e6 6. h3 Bh5 7. b3 Bc5 8. d4
Be7 9. Nc3 a6 10. a3 O-O 11. g4 Bg6 12. Bd2 Ne4 13. Nxe4 Bxe4 14. Nh2 Bh4 15.
Bf3 Bg6 16. Rc1 h6 17. Be1 Be7 18. b4 f5 19. c4 fxg4 20. hxg4 Qd7 21. cxd5 exd5
22. Qb3 Bf7 23. Rf2 Bh4 24. Rg2 Bxe1 25. Rxe1 Rae8 26. Qc3 Ne7 27. f5 Kh8 28.
Kf2 Ng8 29. Rh1 Nf6 30. Nf1 Ne4+ 31. Bxe4 dxe4 32. Ng3 Kg8 33. Rgh2 b5 34. Nh5
Bxh5 35. Rxh5 Rf6 36. Qb3+ Kh8 37. Ke2 Rc6 38. d5 Rc4 39. Qb2 Kh7 40. Rg5 Re7
41. f6 Rf7 42. fxg7 Rxg7 43. Qf6 Rc2+ 44. Kd1 Rg2 45. Qxh6+ Kg8 1-0

[Event "III Weekend Hotel Corallo A"]
[Site "Imperia ITA"]
[Date "2008.11.21"]
[Round "1"]
[White "Mercandelli, Claudio"]
[Black "Saviano, Sabato"]
[Result "1-0"]
[WhiteElo "1937"]
[BlackElo "1704"]
[PlyCount "67"]
[EventDate "2008.11.21"]

1. d4 d5 2. Nf3 Nf6 3. c4 c6 4. Nc3 e6 5. Bg5 Be7 6. cxd5 exd5 7. e3 Bg4 8. Bd3
Ne4 9. Bxe7 Qxe7 10. Qc2 Nxc3 11. bxc3 h6 12. Ne5 Be6 13. Rb1 b5 14. O-O O-O
15. Rbe1 Qc7 16. f4 f5 17. a4 a6 18. Ra1 Nd7 19. Ng6 Rf7 20. axb5 cxb5 21. Bxb5
Kh7 22. Ne5 Nxe5 23. fxe5 Rc8 24. Rxa6 Re7 25. Rxe6 Rxe6 26. Qxf5+ Rg6 27. Bd3
Qc6 28. e6 Qe8 29. Qf7 Qxf7 30. exf7 Rf8 31. Rf4 h5 32. Kf2 Kh6 33. Bxg6 Kxg6
34. Kf3 1-0

[Event "III Weekend Hotel Corallo A"]
[Site "Imperia ITA"]
[Date "2008.11.21"]
[Round "1"]
[White "Mongelli, Ferdinando"]
[Black "Coqueraut, Jean Dominique"]
[Result "0-1"]
[WhiteElo "1686"]
[BlackElo "1892"]
[PlyCount "116"]
[EventDate "2008.11.21"]

1. e4 d6 2. d4 Nf6 3. Nc3 g6 4. Nf3 Bg7 5. Bc4 O-O 6. O-O a6 7. Bg5 b5 8. Bb3
h6 9. Be3 b4 10. Nd5 Nxe4 11. Nxb4 c6 12. Nxc6 Nxc6 13. Bd5 Nxf2 14. Rxf2 Bd7
15. Qd2 Kh7 16. Raf1 e6 17. Bc4 f5 18. Bd3 Ne7 19. c4 Rb8 20. b3 Bc6 21. Bf4
Bxf3 22. Rxf3 Bxd4+ 23. Kh1 Bg7 24. c5 e5 25. cxd6 Qxd6 26. Bxh6 Bxh6 27. Rh3
Ng8 28. Qe2 Rf6 29. Bc4 Kg7 30. Rd1 Qe7 31. Rhd3 Kh8 32. Rd7 Qc5 33. R7d5 Qe3
34. Qb2 Re8 35. a4 Re7 36. Rd8 Rf8 37. R8d6 Nf6 38. R6d3 Qc5 39. h3 Kg7 40.
Bxa6 Ne4 41. Rf3 Be3 42. Kh2 Bd4 43. Qe2 Nc3 44. Rxc3 Qxc3 45. Bc4 Rb8 46. Rd3
Qc1 47. Rxd4 Qg5 48. Rd5 Qf6 49. a5 f4 50. a6 e4 51. b4 f3 52. Qf2 Rxb4 53. a7
Ra4 54. gxf3 Qf4+ 55. Kg2 exf3+ 56. Qxf3 Qxc4 57. Qd3 Ra2+ 58. Kf3 Rf7+ 0-1

[Event "III Weekend Hotel Corallo A"]
[Site "Imperia ITA"]
[Date "2008.11.21"]
[Round "1"]
[White "Nanni, Sergio"]
[Black "Stefanetti, Marco"]
[Result "0-1"]
[WhiteElo "1747"]
[BlackElo "2090"]
[PlyCount "62"]
[EventDate "2008.11.21"]

1. e4 c6 2. d4 d5 3. Nc3 dxe4 4. Nxe4 Bf5 5. Ng5 Nf6 6. Bf4 h6 7. N5f3 e6 8.
Bd3 Nbd7 9. Bxf5 Qa5+ 10. Qd2 Qxf5 11. Ne2 Nd5 12. Bg3 N7f6 13. Nc3 Bb4 14. Nh4
Qh7 15. f3 g5 16. O-O gxh4 17. Bxh4 Qg6 18. a3 Bd6 19. Rae1 Bf4 20. Qf2 O-O-O
21. Ne4 Rdg8 22. g3 Bg5 23. Bxg5 hxg5 24. c4 Nf4 25. gxf4 gxf4+ 26. Kh1 Nh5 27.
Qg1 Qh6 28. Qf2 Ng3+ 29. Nxg3 fxg3 30. Qg2 Qxh2+ 31. Qxh2 g2+ 0-1

[Event "III Weekend Hotel Corallo A"]
[Site "Imperia ITA"]
[Date "2008.11.22"]
[Round "2"]
[White "Badano, Fabio"]
[Black "Soukupova, Teresa"]
[Result "1-0"]
[WhiteElo "1811"]
[BlackElo "1626"]
[PlyCount "41"]
[EventDate "2008.11.21"]

1. e4 e5 2. Nf3 Nc6 3. Bb5 d6 4. O-O Be7 5. Nc3 f5 6. d4 a6 7. Bxc6+ bxc6 8.
dxe5 fxe4 9. Nxe4 d5 10. Ng3 Be6 11. Nd4 Qd7 12. Nxe6 Qxe6 13. f4 Nh6 14. Qh5+
Qg6 15. f5 Qxh5 16. Nxh5 O-O 17. Bxh6 gxh6 18. f6 Bc5+ 19. Kh1 Rae8 20. Rae1
Kf7 21. Ng7 1-0

[Event "III Weekend Hotel Corallo A"]
[Site "Imperia ITA"]
[Date "2008.11.22"]
[Round "2"]
[White "Bajada, Giacomo"]
[Black "Formento, Paolo"]
[Result "1/2-1/2"]
[WhiteElo "1543"]
[BlackElo "1794"]
[PlyCount "101"]
[EventDate "2008.11.21"]

1. c4 e5 2. Nc3 Nf6 3. g3 d6 4. Bg2 Be7 5. Nf3 Nc6 6. d3 O-O 7. O-O Bd7 8. a3
a5 9. Bd2 Qc8 10. Re1 Bf5 11. Nh4 Be6 12. Nf3 d5 13. cxd5 Nxd5 14. Nxe5 Nxe5
15. Bxd5 Bxd5 16. Nxd5 Qd7 17. Nf4 Bc5 18. Bc3 Bd6 19. Qd2 a4 20. Rac1 Ra6 21.
Ng2 Re8 22. Ne3 h5 23. Ng2 Qh3 24. Nf4 Qf5 25. Kg2 Bc5 26. Bxe5 Rxe5 27. d4
Qe4+ 28. f3 Qxd4 29. Qxd4 Bxd4 30. Rxc7 Bxb2 31. Rxb7 Bxa3 32. Rb8+ Bf8 33. Nd3
Ree6 34. Nc5 Reb6 35. Nxa6 Rxa6 36. Kf2 a3 37. Ra1 f6 38. Ke1 Kf7 39. Rb7+ Ke6
40. Kd2 Kd5 41. e4+ Kc4 42. Rc1+ Kd4 43. Rd7+ Ke5 44. Rd5+ Ke6 45. f4 g5 46.
Rg1 f5 47. Re5+ Kd7 48. Ra1 Bd6 49. Rd5 fxe4 50. Rd4 Ke6 51. Rxe4+ 1/2-1/2

[Event "III Weekend Hotel Corallo A"]
[Site "Imperia ITA"]
[Date "2008.11.22"]
[Round "2"]
[White "Coqueraut, Jean Dominique"]
[Black "Arata, Roberto Mario"]
[Result "0-1"]
[WhiteElo "1892"]
[BlackElo "2199"]
[PlyCount "100"]
[EventDate "2008.11.21"]

1. d4 d5 2. c4 c6 3. Nf3 Nf6 4. Nc3 e6 5. Bg5 Be7 6. e3 Nbd7 7. Bd3 dxc4 8.
Bxc4 b5 9. Bd3 a6 10. O-O c5 11. Rc1 Bb7 12. Qe2 c4 13. Bb1 b4 14. Na4 Qa5 15.
b3 c3 16. a3 O-O 17. Bxf6 Nxf6 18. axb4 Bxb4 19. Bc2 Ne4 20. Ne5 f6 21. Nc4 Qg5
22. Bxe4 Bxe4 23. f3 Bb7 24. Nxc3 Rfd8 25. Qf2 e5 26. h4 Qh5 27. g4 Qe8 28.
dxe5 fxe5 29. Qe2 a5 30. Rc2 Ba6 31. Rfc1 Qe7 32. Qf2 Rac8 33. Ne4 Rd3 34. Ncd2
Rxc2 35. Rxc2 Qa7 36. Kg2 Rxe3 37. Rc6 Re2 38. Rc8+ Kf7 39. Ng5+ Ke7 40. Qxe2
Bxe2 41. Nde4 h6 42. Rg8 Qe3 43. Rxg7+ Kd8 44. Rg8+ Kc7 45. Ne6+ Kd7 46. Nf8+
Bxf8 47. Rxf8 Bxf3+ 48. Rxf3 Qxe4 49. Kg3 Qe1+ 50. Kh3 e4 0-1

[Event "III Weekend Hotel Corallo A"]
[Site "Imperia ITA"]
[Date "2008.11.22"]
[Round "2"]
[White "De Luca, Fabio"]
[Black "Moschetto, Giuliano"]
[Result "1/2-1/2"]
[WhiteElo "1736"]
[BlackElo "1698"]
[PlyCount "86"]
[EventDate "2008.11.21"]

1. e4 e5 2. Nf3 Nf6 3. Nxe5 d6 4. Nf3 Nxe4 5. d4 Be7 6. Bd3 Nf6 7. c4 Bg4 8. h3
Bh5 9. d5 O-O 10. O-O Nbd7 11. b3 Bxf3 12. Qxf3 Ne5 13. Qe2 Nxd3 14. Qxd3 Re8
15. Bb2 Nd7 16. Nd2 Nc5 17. Qf3 Bg5 18. Rad1 a5 19. Nb1 Nd7 20. Rfe1 Rxe1+ 21.
Rxe1 Bf6 22. Bxf6 Qxf6 23. Qxf6 Nxf6 24. Nc3 Kf8 25. Nb5 Rc8 26. a3 b6 27. Na7
Re8 28. Rxe8+ Nxe8 29. Nc6 Nf6 30. Kf1 Ke8 31. Ke2 Nd7 32. Ke3 Nc5 33. b4 axb4
34. axb4 Nd7 35. Kd3 h6 36. g4 Nf8 37. f4 Ng6 38. Ke4 Nh4 39. g5 hxg5 40. fxg5
Ng2 41. Kf3 Ne1+ 42. Ke4 Nc2 43. h4 g6 1/2-1/2

[Event "III Weekend Hotel Corallo A"]
[Site "Imperia ITA"]
[Date "2008.11.22"]
[Round "2"]
[White "Fassi, Filippo"]
[Black "Mercandelli, Claudio"]
[Result "1/2-1/2"]
[WhiteElo "1663"]
[BlackElo "1937"]
[PlyCount "42"]
[EventDate "2008.11.21"]

1. e4 e6 2. d4 d5 3. exd5 exd5 4. Nf3 Bd6 5. Bd3 Nf6 6. O-O O-O 7. Bg5 Bg4 8.
Nbd2 Nbd7 9. c3 c6 10. Qc2 Qc7 11. Rfe1 Rae8 12. Re3 Rxe3 13. Bxe3 Re8 14. Re1
Bxf3 15. Nxf3 Ne4 16. Bg5 f5 17. h3 g6 18. Bxe4 fxe4 19. Bh6 Bf4 20. Bxf4 Qxf4
21. Qd2 Qxd2 1/2-1/2

[Event "III Weekend Hotel Corallo A"]
[Site "Imperia ITA"]
[Date "2008.11.22"]
[Round "2"]
[White "Mela, Riccardo"]
[Black "Gallitto, Salvatore"]
[Result "1/2-1/2"]
[WhiteElo "2038"]
[BlackElo "1960"]
[PlyCount "78"]
[EventDate "2008.11.21"]

1. e4 d6 2. d4 Nf6 3. Nc3 c6 4. Nf3 Bg4 5. Be2 Nbd7 6. O-O e5 7. Bg5 Be7 8.
Bxf6 Bxf6 9. d5 Qc7 10. b4 Be7 11. b5 cxb5 12. Nxb5 Qa5 13. Qe1 Qd8 14. Qb4 Nc5
15. h3 Bh5 16. Nc3 O-O 17. Nd2 Bg6 18. Nb3 Qb6 19. Qxb6 axb6 20. Nxc5 bxc5 21.
a4 f5 22. Bf3 fxe4 23. Bxe4 Be8 24. Rfb1 Ra7 25. Rb6 Rf6 26. Rab1 Bd8 27. Rxb7
Rxb7 28. Rxb7 Ba5 29. Nb5 Bxb5 30. axb5 g6 31. Rb8+ Rf8 32. Rb7 Rf7 33. Rb8+
Rf8 34. Rxf8+ Kxf8 35. Kh2 Kf7 36. Kg3 Bd8 37. f4 exf4+ 38. Kxf4 Kf6 39. h4 h6
1/2-1/2

[Event "III Weekend Hotel Corallo A"]
[Site "Imperia ITA"]
[Date "2008.11.22"]
[Round "2"]
[White "Nastasi, Maurizio"]
[Black "Melling, Jonathon"]
[Result "0-1"]
[WhiteElo "1695"]
[BlackElo "1850"]
[PlyCount "60"]
[EventDate "2008.11.21"]

1. e4 c5 2. Nc3 g6 3. g3 Bg7 4. Bg2 Nc6 5. d3 d6 6. f4 Nf6 7. Nf3 Bg4 8. h3
Bxf3 9. Qxf3 Nd4 10. Qd1 Rb8 11. O-O b5 12. e5 dxe5 13. fxe5 Nd7 14. Ne4 Bxe5
15. c3 Ne6 16. Bh6 Bg7 17. Bxg7 Nxg7 18. Qf3 O-O 19. Rae1 Ne5 20. Qe3 Nxd3 21.
Qh6 Ne6 22. Rd1 c4 23. Rf4 Qb6+ 24. Kh2 Ndxf4 25. gxf4 Qe3 26. Rf1 f5 27. Ng3
Rbd8 28. Qh4 Rd2 29. Qxe7 Rxg2+ 30. Kxg2 Nxf4+ 0-1

[Event "III Weekend Hotel Corallo A"]
[Site "Imperia ITA"]
[Date "2008.11.22"]
[Round "2"]
[White "Noli, Giovanni"]
[Black "Nanni, Sergio"]
[Result "1-0"]
[WhiteElo "1954"]
[BlackElo "1747"]
[PlyCount "71"]
[EventDate "2008.11.21"]

1. d4 d5 2. c4 Nc6 3. e3 e5 4. cxd5 Qxd5 5. Nc3 Bb4 6. a3 Bxc3+ 7. bxc3 exd4 8.
cxd4 Nf6 9. Nf3 O-O 10. Be2 Ne4 11. h3 Nc3 12. Qd3 Nxe2 13. Qxe2 Re8 14. Qb2 b6
15. Bd2 Bf5 16. Kf1 Be4 17. Ne1 Rad8 18. f3 Qc4+ 19. Kg1 Bg6 20. Rc1 Qe6 21. h4
Na5 22. h5 Nc4 23. Rxc4 Qxc4 24. hxg6 hxg6 25. Kf2 Rd5 26. Qc2 Qb5 27. Nd3 c5
28. a4 Qd7 29. Nf4 Rd6 30. d5 g5 31. Qh7+ Kf8 32. Nh5 g6 33. Ng7 Rd8 34. e4 f6
35. Ne6+ Rxe6 36. Qh8+ 1-0

[Event "III Weekend Hotel Corallo A"]
[Site "Imperia ITA"]
[Date "2008.11.22"]
[Round "2"]
[White "Roversi, Stefano"]
[Black "Astengo, Marcello"]
[Result "0-1"]
[WhiteElo "1839"]
[BlackElo "2100"]
[PlyCount "86"]
[EventDate "2008.11.21"]

1. e4 e6 2. d3 d5 3. Nd2 c5 4. g3 Nc6 5. Bg2 Nge7 6. Ngf3 g6 7. O-O Bg7 8. Re1
O-O 9. h4 h6 10. Nf1 b6 11. N1h2 Bb7 12. e5 Rc8 13. Ng4 Nf5 14. Bf4 b5 15. Qd2
Kh7 16. Ne3 Nxe3 17. Qxe3 Qe7 18. c3 b4 19. g4 Rfd8 20. h5 bxc3 21. bxc3 d4 22.
hxg6+ fxg6 23. cxd4 cxd4 24. Qd2 Qf7 25. Bg3 Bf8 26. Rab1 a5 27. Rec1 Ba3 28.
Rc4 Bb4 29. Qb2 Ba6 30. Rxc6 Rxc6 31. Ng5+ hxg5 32. Bxc6 Bxd3 33. Rd1 Bc3 34.
Qb6 Be2 35. Qxd8 Bxd1 36. Be8 Qg7 37. Qxg5 Bf3 38. Qh4+ Kg8 39. Qg5 Be4 40. Qf4
Bd5 41. Qg5 Be4 42. Qf4 Qb7 43. Kh2 Qh7+ 0-1

[Event "III Weekend Hotel Corallo A"]
[Site "Imperia ITA"]
[Date "2008.11.22"]
[Round "2"]
[White "Squara, Marco"]
[Black "Platino, Maurizio"]
[Result "1/2-1/2"]
[WhiteElo "1610"]
[BlackElo "1900"]
[PlyCount "50"]
[EventDate "2008.11.21"]

1. e4 e6 2. d4 d5 3. Nd2 dxe4 4. Nxe4 Nd7 5. Nf3 Ngf6 6. Nxf6+ Nxf6 7. Bd3 Be7
8. Bf4 O-O 9. O-O c5 10. dxc5 Bxc5 11. Qe2 Qb6 12. Rab1 Bd6 13. Bxd6 Qxd6 14.
Rbd1 Qc7 15. h3 b6 16. Be4 Nxe4 17. Qxe4 Bb7 18. Qe2 Rad8 19. c3 Qc6 20. Qe5 f6
21. Qg3 e5 22. Nh4 Bc8 23. Nf3 Bb7 24. Qg4 Bc8 25. Qh4 Bb7 1/2-1/2

[Event "III Weekend Hotel Corallo A"]
[Site "Imperia ITA"]
[Date "2008.11.22"]
[Round "2"]
[White "Stefanetti, Marco"]
[Black "Ruggeri, Claudio"]
[Result "1-0"]
[WhiteElo "2090"]
[BlackElo "1745"]
[PlyCount "91"]
[EventDate "2008.11.21"]

1. d4 Nf6 2. Nf3 e6 3. Bg5 Be7 4. Nbd2 O-O 5. e4 c5 6. dxc5 Qa5 7. c3 Qxc5 8.
Be3 Qc7 9. h3 Nc6 10. Bd3 Rd8 11. Qe2 d5 12. O-O e5 13. Rad1 h6 14. Nh2 d4 15.
cxd4 exd4 16. e5 Qxe5 17. Nc4 Qc7 18. Bd2 Be6 19. Rc1 Bd6 20. Nxd6 Qxd6 21. Ng4
Bxg4 22. hxg4 Re8 23. Qd1 Ne5 24. Bf4 Nfxg4 25. Qxg4 Nxg4 26. Bxd6 a6 27. Rc7
b5 28. Rfc1 Nf6 29. Bf5 g6 30. Bc2 Re6 31. Bg3 Rae8 32. f3 Kg7 33. Bb3 R6e7 34.
Rxe7 Rxe7 35. Rc7 Rxc7 36. Bxc7 Nd7 37. Kf1 Kf6 38. Ke2 Ke7 39. Kd3 f5 40. Kxd4
Nf8 41. Ba5 Nh7 42. Ke5 Kd7 43. Bb4 Kc6 44. f4 a5 45. Bd5+ Kb6 46. Be7 1-0

[Event "III Weekend Hotel Corallo A"]
[Site "Imperia ITA"]
[Date "2008.11.22"]
[Round "2"]
[White "Tagliano, Maurizio"]
[Black "Carzolio, Luigi"]
[Result "0-1"]
[WhiteElo "1751"]
[BlackElo "1937"]
[PlyCount "76"]
[EventDate "2008.11.21"]

1. e4 c5 2. b4 cxb4 3. d4 d5 4. e5 Bf5 5. Bd3 Bxd3 6. Qxd3 e6 7. Ne2 Nc6 8. O-O
Nge7 9. Ng3 h5 10. h4 Ng6 11. Bg5 Be7 12. f4 Nxh4 13. Bxe7 Nxe7 14. Qb5+ Qd7
15. Qxb4 Nhf5 16. Nxf5 Nxf5 17. Rf3 Rc8 18. c3 Rc4 19. Qb3 O-O 20. Nd2 Rc7 21.
Rh3 g6 22. Qd1 Rfc8 23. Nb3 Nh6 24. Qd2 Kg7 25. Rf1 Nf5 26. Kf2 b6 27. Rfh1 a5
28. g4 hxg4 29. Rh7+ Kf8 30. Qe2 g3+ 31. Kg2 Rxc3 32. Rh8+ Ke7 33. Rxc8 Qxc8
34. Kg1 a4 35. Qg4 axb3 36. Qg5+ Kd7 37. Rh7 Rc1+ 38. Kg2 Qc2+ 0-1

[Event "III Weekend Hotel Corallo A"]
[Site "Imperia ITA"]
[Date "2008.11.22"]
[Round "3"]
[White "Arata, Roberto Mario"]
[Black "Stefanetti, Marco"]
[Result "1-0"]
[WhiteElo "2199"]
[BlackElo "2090"]
[PlyCount "77"]
[EventDate "2008.11.21"]

1. d4 d5 2. c4 c6 3. Nc3 Nf6 4. Nf3 a6 5. e3 b5 6. b3 Bg4 7. Be2 e6 8. O-O Nbd7
9. Ne5 Nxe5 10. dxe5 Bxe2 11. Nxe2 Nd7 12. Bb2 bxc4 13. bxc4 Nb6 14. cxd5 cxd5
15. Bd4 Nc4 16. e4 Be7 17. exd5 Qxd5 18. Nf4 Qa5 19. Qg4 g6 20. Rac1 h5 21. Qg3
Nd2 22. Rfd1 Rd8 23. Bc3 Qxa2 24. Qe3 Nb3 25. Rb1 Rxd1+ 26. Rxd1 Qc2 27. Qf3
O-O 28. g3 Bg5 29. Bb4 Rc8 30. Rd7 Bxf4 31. Qxf4 Qc1+ 32. Qxc1 Rxc1+ 33. Kg2 g5
34. Rd3 Rb1 35. Rd8+ Kg7 36. Kh3 a5 37. Be7 g4+ 38. Kh4 Rh1 39. Kg5 1-0

[Event "III Weekend Hotel Corallo A"]
[Site "Imperia ITA"]
[Date "2008.11.22"]
[Round "3"]
[White "Astengo, Marcello"]
[Black "Gioseffi, Massimiliano"]
[Result "1/2-1/2"]
[WhiteElo "2100"]
[BlackElo "2109"]
[PlyCount "127"]
[EventDate "2008.11.21"]

1. d4 d5 2. c4 c6 3. Nc3 Nf6 4. cxd5 cxd5 5. Bf4 Nc6 6. e3 a6 7. Bd3 Bg4 8. Qb3
Na5 9. Qc2 e6 10. Nge2 Be7 11. O-O Bh5 12. Rac1 O-O 13. Na4 Nc6 14. Qb3 Nb4 15.
Bc7 Qe8 16. Nb6 Nxd3 17. Qxd3 Ra7 18. Bf4 Bd8 19. Nc8 Ra8 20. Nd6 Qd7 21. Ng3
Bg6 22. Qc3 b5 23. Qc6 Qxc6 24. Rxc6 Be7 25. Rfc1 Rfd8 26. Nc8 Kf8 27. Rc7 Nd7
28. R1c6 Nb8 29. Nxe7 Nxc6 30. Nxc6 Re8 31. Bd6+ Kg8 32. Kf1 h6 33. Ke2 Kh7 34.
Ne7 Red8 35. Bc5 f6 36. Kd2 Be8 37. Ne2 Rd7 38. Rxd7 Bxd7 39. Kd3 Re8 40. e4
dxe4+ 41. Kxe4 Bc8 42. f3 Bb7+ 43. Kd3 Rd8 44. Nf4 e5 45. Ne6 Re8 46. dxe5 fxe5
47. Nc7 Rd8+ 48. Ke2 Rd7 49. Ne6 Kh8 50. Nf8 Rd8 51. Nfg6+ Kh7 52. Nxe5 Bd5 53.
Nxd5 Rxd5 54. Nd3 Rh5 55. h3 Rg5 56. Kf2 Rd5 57. Ke3 Rg5 58. g4 Rg6 59. Ne5 Re6
60. f4 g5 61. Bd4 gxf4+ 62. Kxf4 Rd6 63. Ke4 Re6 64. Kd5 1/2-1/2